| 000 | 00919cam a2200325 4500 | ||
|---|---|---|---|
| 001 | 3601318 | ||
| 003 | OSt | ||
| 005 | 20230703103225.0 | ||
| 008 | 700511s1970 enk b 001 0 eng | ||
| 010 | _a 70465490 | ||
| 015 | _aB*** | ||
| 020 | _a0406552401 | ||
| 040 |
_aDLC _cDLC _dDLC |
||
| 043 | _af------ | ||
| 050 | 0 | 0 |
_aKQC99 _b.A46 1970 |
| 082 | 0 | 0 |
_a349.6 _a346 _219 _bALL |
| 100 | 1 | _aAllott, Antony N. | |
| 245 | 1 | 0 |
_aNew essays in African law, _cby Antony Allott. |
| 260 |
_aLondon, _bButterworths, _c1970. |
||
| 300 |
_axxxiv, 348 p. _c23 cm. |
||
| 350 | _a75/- | ||
| 490 | 0 | _aButterworths African law series, no. 13 | |
| 504 | _aIncludes bibliographical references. | ||
| 650 | 0 |
_aCustomary law _zAfrica. |
|
| 650 | 0 |
_aConflict of laws _zAfrica. |
|
| 650 | 0 |
_aCommon law _xReception _zAfrica. |
|
| 650 | 0 |
_aLaw _zAfrica. |
|
| 906 |
_a7 _bcbc _corignew _du _encip _f19 _gy-gencatlg |
||
| 942 |
_2ddc _cBK |
||
| 999 |
_c3206 _d3206 |
||